| 000 | 00582cam a22002172a 4500 | ||
|---|---|---|---|
| 001 | 023175 | ||
| 003 | AR-FADEU | ||
| 008 | 311216n1963####xxu####################dd | ||
| 092 |
_a302 _bG384 _eBDT |
||
| 100 | _aGerth, Hans | ||
| 245 | _aCarácter y estructura social | ||
| 260 | _aBuenos Aires | ||
| 260 | _bPaidós | ||
| 260 | _c1963 | ||
| 300 | _a438 p | ||
| 440 |
_aBiblioteca de Psicología Social y Sociología _n19 |
||
| 500 | _aIncluye bibliografía | ||
| 700 | _aC. Wright, Mills | ||
| 650 | _aPSICOLOGIA SOCIAL; CARACTER; ESTRUCTURA SOCIAL/BDT/ | ||
| 942 | _cBDT | ||
| 999 |
_c28867 _d28867 |
||